Statistics for Among Us Colors

Click here to take the quiz!

General Stats

  • This quiz has been taken 333 times
  • The average score is 9 of 13

Answer Stats

Colors% Correct
1Red
94%
5Blue
90%
4Green
90%
3Yellow
83%
2Orange
82%
7Black
81%
6Purple
76%
10Cyan
74%
8White
72%
9Brown
66%
11Lime
66%
13Tan
21%
12Fortegreen
5%

Score Distribution

Percentile by Number Answered

Percent of People with Each Score

Your Score History

You have not taken this quiz